Monty Python's Philosophers World Cup Quiz Stats

 Plays Quiz Updated Dec 16, 2019

Support Sporcle.
Go Orange.
Score 0/23 Timer 05:00
1 Play Today
Number Name % Correct
1Plato (Goalkeeper)
85.9%
10Socrates (Forward)
83.9%
3Aristotle (Defender)
80%
2Kant (Defender)
53.2%
SubstituteMarx (Forward)
45.4%
10Nietzsche (Forward)
39.2%
3Hegel (Captain- Defender)
33.2%
11Archimedes (Forward)
27.8%
11Heidegger (Forward)
24.8%
4Schopenhauer (Defender)
19.5%
9Wittgenstein (Forward)
19.1%
4Sophocles (Defender)
14.4%
Number Name % Correct
6Beckenbauer (Midfielder)
13.4%
1Leibniz (Goalkeeper)
10.1%
7Epicurus (Midfielder)
9.9%
8Schlegel (Forward)
9.9%
8Heraclitus (Captain- Defender)
9.6%
9Democritus (Forward)
8.4%
7Jaspers (Midfielder)
5.3%
5Schelling (Defender)
5.2%
6Plotinus (Midfielder)
4.6%
2Epictetus (Defender)
4.5%
5Empedocles of Agrigentum (Midfielder)
4.1%

From the Vault

Most Spoken Languages (Native Speakers)

by 1447

WHAT? Could you say that again!?
Remove Ads.
Support Sporcle.
Get the best of Sporcle when you Go Orange. This ad-free experience offers more features, more stats, and more fun while also helping to support Sporcle. Thank you for becoming a member.

Show Comments

Extras

Top Quizzes Today


Score Distribution

Your Account Isn't Verified!

In order to create a playlist on Sporcle, you need to verify the email address you used during registration. Go to your Sporcle Settings to finish the process.

Report this User

Report this user for behavior that violates our Community Guidelines.

Details: